000
00250nam a2200097Ia 4500
008
230907s9999||||xx |||||||||||||| ||und||
082
_a
621.381044
_b
POW
245
0
_a
Power electronics semiconductor devices
260
_a
Wiley:
_b
BK
_c
2009
942
_c
BK
999
_c
597587
_d
597587